000 00488nam a2200157 a 4500
001 000030390
005 20200930062303.0
008 110516s2004 dr 000 0 spa d
040 _aDO-SdBNP
_bspa
_cBNPHU
082 _axxx
_bC748p
111 1 _aConferencia del episcopado dominicano
_d(2004 ene. 21 :
_cSanto Domingo)
_957025
245 1 0 _aCarta pastoral.
260 _aSanto Domingo :
_bConferencia del Episcopado Dominicano,
_c2004.
_fBúho
300 _a16 p. ;
_c22 cm.
049 _aBNPD
999 _c29882
_d29882